[Event "SportAccord Basque 2014"]
[Site "Beijing CHN"]
[Date "2014.12.16"]
[Round "1.1"]
[White "Aronian, Levon"]
[Black "Vachier-Lagrave, Maxime"]
[Result "1-0"]
[WhiteTitle "GM"]
[BlackTitle "GM"]
[WhiteElo "2797"]
[BlackElo "2758"]
[WhiteFideId "13300474"]
[BlackFideId "623539"]
[EventDate "2014.12.16"]

1. d4 Nf6 2. c4 g6 3. f3 c5 4. d5 b5 5. e4 Bg7 6. e5 Ng8 7. f4 d6 8. Nf3 Nh6 9.
cxb5 O-O 10. Nc3 a6 11. bxa6 Nf5 12. Bc4 Nd4 13. Be3 Nxf3+ 14. Qxf3 Qb6 15. Qe2
Bxa6 16. O-O Bxc4 17. Qxc4 Nd7 18. b3 dxe5 19. f5 e4 20. Rae1 Qb4 21. Nxe4 Rxa2
22. d6 Qxc4 23. bxc4 exd6 24. f6 Bh8 25. g4 Ne5 26. g5 Nxc4 27. Bf4 h6 28. h4
hxg5 29. hxg5 Re8 30. Nxd6 Nxd6 31. Bxd6 Rxe1 32. Rxe1 Rd2 33. Bxc5 Rd5 34. Be3
Re5 35. Kg2 Re6 36. Bd2 Rd6 37. Bf4 Ra6 38. Re8+ Kh7 39. Rf8 Ra7 40. Bd6 Bg7 41.
Re8 Bxf6 42. gxf6 g5 43. Be7 Ra5 44. Kg3 Kg6 45. Rg8+ Kf5 46. Rg7 1-0

[Event "SportAccord Basque 2014"]
[Site "Beijing CHN"]
[Date "2014.12.16"]
[Round "1.2"]
[White "Vachier-Lagrave, Maxime"]
[Black "Aronian, Levon"]
[Result "1/2-1/2"]
[WhiteTitle "GM"]
[BlackTitle "GM"]
[WhiteElo "2758"]
[BlackElo "2797"]
[WhiteFideId "623539"]
[BlackFideId "13300474"]
[EventDate "2014.12.16"]

1. e4 e5 2. Nf3 Nc6 3. Bb5 Nf6 4. d3 Bd6 5. Nbd2 a6 6. Bxc6 dxc6 7. Nc4 Nd7 8.
d4 Qe7 9. O-O O-O 10. Re1 Re8 11. c3 a5 12. Bg5 f6 13. Bh4 Qf7 14. dxe5 Bxe5 15.
Ncxe5 Nxe5 16. Nxe5 Rxe5 17. Bg3 Re8 18. Qb3 Qxb3 19. axb3 Re7 20. f3 Be6 21. b4
a4 22. Red1 Kf7 23. Kf2 Ke8 24. Ke3 Ra6 25. Rd4 Bb3 26. Be1 b5 27. g4 c5 28.
bxc5 Rc6 29. c4 bxc4 30. Bb4 Rce6 31. Rg1 Rd7 32. Rxd7 Kxd7 33. Rg2 Kc6 34. Rd2
Re8 35. Kd4 Rd8+ 36. Kc3 Rxd2 37. Kxd2 Kb5 38. Bc3 Kxc5 39. h4 Kd6 40. f4 Ke7
41. g5 fxg5 42. hxg5 g6 43. f5 Kf7 44. Ke3 gxf5 45. exf5 Bc2 46. g6+ hxg6 47.
fxg6+ 1/2-1/2

[Event "SportAccord Basque 2014"]
[Site "Beijing CHN"]
[Date "2014.12.16"]
[Round "1.3"]
[White "Wang, Hao"]
[Black "Grischuk, Alexander"]
[Result "0-1"]
[WhiteTitle "GM"]
[BlackTitle "GM"]
[WhiteElo "2710"]
[BlackElo "2810"]
[WhiteFideId "8602883"]
[BlackFideId "4126025"]
[EventDate "2014.12.16"]

1. Nf3 c5 2. e4 d6 3. d4 cxd4 4. Nxd4 Nf6 5. Nc3 a6 6. Bg5 Nbd7 7. Qe2 h6 8.
Bxf6 Nxf6 9. O-O-O e5 10. Nf5 g6 11. Ne3 Be6 12. g3 Rc8 13. Rd3 h5 14. Bg2 Bh6
15. Kb1 O-O 16. Rhd1 Qa5 17. Ned5 Nxd5 18. Nxd5 Kh8 19. h4 Qd8 20. a3 b5 21. Bf3
Rc5 22. Ne3 Qc7 23. Rxd6 Rc8 24. Qd3 Bxe3 25. Rd8+ Kg7 26. Rxc8 Qxc8 27. fxe3 a5
28. Rd2 b4 29. a4 Qc6 30. b3 Rc3 31. Qb5 Qc7 32. Qe2 Bc8 33. Rd3 Qc5 34. Rxc3
bxc3 35. Ka2 Be6 36. Bg2 Qd6 37. Bf3 Kh7 38. Bg2 Qd2 0-1

[Event "SportAccord Basque 2014"]
[Site "Beijing CHN"]
[Date "2014.12.16"]
[Round "1.4"]
[White "Grischuk, Alexander"]
[Black "Wang, Hao"]
[Result "1-0"]
[WhiteTitle "GM"]
[BlackTitle "GM"]
[WhiteElo "2810"]
[BlackElo "2710"]
[WhiteFideId "4126025"]
[BlackFideId "8602883"]
[EventDate "2014.12.16"]

1. d4 d5 2. Bf4 Nf6 3. e3 e6 4. Nd2 c5 5. Ngf3 Nc6 6. c3 Bd6 7. Bg3 O-O 8. Bd3
b6 9. Ne5 Bb7 10. f4 Ne7 11. Qb1 g6 12. Bf2 cxd4 13. exd4 Nh5 14. g3 f6 15. Nef3
Qc8 16. O-O Ba6 17. Re1 Ng7 18. Kg2 Rb8 19. a3 Re8 20. Qc2 Bxd3 21. Qxd3 Qd7 22.
Re2 a5 23. Rae1 a4 24. h3 b5 25. Bg1 Nc6 26. Bh2 Nh5 27. Nf1 Na5 28. Ne3 Nc4 29.
Ng4 Kg7 30. Qb1 Re7 31. Nf2 Kg8 32. Nd3 Rbe8 33. g4 Ng7 34. Qd1 Qc7 35. Kh1 Qc6
36. Rf2 Rf7 37. Ree2 Rfe7 38. Qg1 1-0

[Event "SportAccord Basque 2014"]
[Site "Beijing CHN"]
[Date "2014.12.16"]
[Round "1.7"]
[White "Ponomariov, Ruslan"]
[Black "Harikrishna, Pentala"]
[Result "1/2-1/2"]
[WhiteTitle "GM"]
[BlackTitle "GM"]
[WhiteElo "2714"]
[BlackElo "2727"]
[WhiteFideId "14103320"]
[BlackFideId "5007003"]
[EventDate "2014.12.16"]

1. d4 Nf6 2. c4 e6 3. Nc3 Bb4 4. Qc2 O-O 5. a3 Bxc3+ 6. Qxc3 b6 7. Nf3 Bb7 8.
Bg5 d6 9. Nd2 Nbd7 10. e3 Rc8 11. f3 c5 12. dxc5 Rxc5 13. Bh4 d5 14. b4 Rc6 15.
Qb2 dxc4 16. Bxc4 Qc7 17. Bg3 e5 18. Bb3 Ba6 19. Kf2 Rc8 20. Rhd1 Bd3 21. Kg1
Bc2 22. Rdc1 Bxb3 23. Nxb3 Rc3 24. e4 h6 25. Be1 Rc2 26. Rxc2 Qxc2 27. Qxc2 Rxc2
28. a4 Nf8 29. a5 Nh5 30. Bf2 Rb2 31. Bxb6 Rxb3 32. Bxa7 Rxb4 33. a6 Nd7 34. Bc5
Rb8 35. a7 Ra8 36. Rb1 Kh7 37. Be3 Nhf6 38. Rb7 g5 39. Kf2 Kg7 40. g4 Kf8 41.
Kg3 Ke7 42. h4 gxh4+ 43. Kxh4 Kd6 44. Rb1 Kc6 45. Rc1+ Kb7 46. Rb1+ Kc6 47. Rc1+
Kb7 48. Rb1+ Kc6 49. Rc1+ Kb7 50. Rb1+ 1/2-1/2

[Event "SportAccord Basque 2014"]
[Site "Beijing CHN"]
[Date "2014.12.16"]
[Round "1.8"]
[White "Harikrishna, Pentala"]
[Black "Ponomariov, Ruslan"]
[Result "1/2-1/2"]
[WhiteTitle "GM"]
[BlackTitle "GM"]
[WhiteElo "2727"]
[BlackElo "2714"]
[WhiteFideId "5007003"]
[BlackFideId "14103320"]
[EventDate "2014.12.16"]

1. e4 g6 2. Nc3 Bg7 3. Nf3 d6 4. d4 Nf6 5. Be2 O-O 6. O-O e6 7. h3 Nc6 8. Be3 a6
9. a4 b6 10. Qd2 Bb7 11. Bg5 Ne7 12. Qe3 c5 13. Rfd1 Qc7 14. dxc5 bxc5 15. Qf4
Ne8 16. Qh4 Nc6 17. Bh6 Qe7 18. Ng5 Bxh6 19. Qxh6 f6 20. Nf3 Nb4 21. Rd2 Rd8 22.
Rad1 d5 23. exd5 exd5 24. Nxd5 Bxd5 25. c3 Nc7 26. cxb4 cxb4 27. Bxa6 Bb3 28.
Re1 Qf7 29. Bf1 Bxa4 30. Re4 Bc6 31. Rxb4 Bxf3 32. gxf3 Kh8 33. Rb7 Rb8 34. Ra7
Ra8 35. Rxa8 Rxa8 36. b4 Qe7 37. b5 Rb8 38. b6 Na8 39. Re2 Qd8 40. Rd2 Qe7 41.
Qf4 Rxb6 42. Rc2 Qd8 43. Kg2 Kg7 44. Rd2 Qe8 45. Bc4 Rb7 46. Rd6 Qe5 47. Qxe5
fxe5 48. Bd5 Rb8 49. Rd7+ Kh6 50. Re7 Nb6 51. Bf7 Rf8 52. Bb3 Nc8 53. Rxe5 Nd6
54. Bc2 Ne8 55. Rc5 Ng7 56. Be4 Ne6 57. Rc4 Nf4+ 58. Kg3 Nh5+ 59. Kh2 Rf7 60. h4
Ra7 61. Bc2 Rf7 62. Be4 Ra7 63. Rc2 Ra1 64. Rb2 Nf4 65. Kg3 Nh5+ 66. Kh2 Nf4 67.
Bc6 Rc1 68. Bd7 Rc7 69. Bg4 Kg7 70. Kg3 Rf7 71. Rd2 h5 72. Bc8 Kh6 73. Ba6 Rf6
74. Ra2 g5 75. hxg5+ Kxg5 76. Bc8 Kh6 77. Ra5 Ne2+ 78. Kg2 Nf4+ 79. Kh2 Rg6 80.
Ra4 Rf6 81. Re4 Nd3 82. Kg3 Kg5 83. Ra4 h4+ 84. Rxh4 Rxf3+ 85. Kxf3 Kxh4 86. Ke3
Nxf2 1/2-1/2

[Event "SportAccord Basque 2014"]
[Site "Beijing CHN"]
[Date "2014.12.16"]
[Round "1.11"]
[White "Dominguez Perez, Leinier"]
[Black "Wojtaszek, Radoslaw"]
[Result "1-0"]
[WhiteTitle "GM"]
[BlackTitle "GM"]
[WhiteElo "2726"]
[BlackElo "2744"]
[WhiteFideId "3503240"]
[BlackFideId "1118358"]
[EventDate "2014.12.16"]

1. e4 c5 2. c4 Nc6 3. Nc3 g6 4. g3 Bg7 5. Bg2 d6 6. Nge2 e6 7. O-O Nge7 8. d3
O-O 9. Rb1 b6 10. Be3 Nd4 11. Qd2 Bb7 12. Bh6 Bxh6 13. Qxh6 Nec6 14. Qd2 Rb8 15.
Nxd4 Nxd4 16. f4 f6 17. Ne2 Nxe2+ 18. Qxe2 Qe7 19. h4 e5 20. f5 Qg7 21. Qe3 g5
22. hxg5 Qxg5 23. Qxg5+ fxg5 24. Bf3 Bc6 25. b4 Kg7 26. Kf2 Be8 27. Rh1 Rf6 28.
Ke3 Rh6 29. b5 Rxh1 30. Rxh1 Rb7 31. Bh5 Bxh5 32. Rxh5 h6 33. Rh2 a5 34. bxa6
Ra7 35. Kf3 Rxa6 36. Kg4 Ra3 37. Rd2 Rc3 38. Kh5 Rc1 39. Rb2 Rh1+ 40. Kg4 h5+
41. Kxg5 Rh3 42. g4 hxg4 43. Rxb6 g3 44. f6+ Kf7 45. Rb7+ Ke8 46. f7+ Kf8 47.
Kg6 g2 48. Rb8+ Ke7 49. f8=Q+ Kd7 50. Qf7+ Kc6 51. Qb7# 1-0

[Event "SportAccord Basque 2014"]
[Site "Beijing CHN"]
[Date "2014.12.16"]
[Round "1.12"]
[White "Wojtaszek, Radoslaw"]
[Black "Dominguez Perez, Leinier"]
[Result "1/2-1/2"]
[WhiteTitle "GM"]
[BlackTitle "GM"]
[WhiteElo "2744"]
[BlackElo "2726"]
[WhiteFideId "1118358"]
[BlackFideId "3503240"]
[EventDate "2014.12.16"]

1. Nf3 Nf6 2. c4 g6 3. Nc3 Bg7 4. e4 d6 5. d4 O-O 6. Be2 e5 7. Be3 c6 8. d5 Ng4
9. Bg5 f6 10. Bh4 h5 11. h3 Nh6 12. Nd2 Na6 13. g4 hxg4 14. hxg4 Nf7 15. Nf1 Bh6
16. Ne3 Kg7 17. Qd2 c5 18. O-O-O Bd7 19. Kb1 Rh8 20. Rdg1 Qe7 21. Bg3 Nc7 22.
Bd3 a6 23. Qe2 Bf4 24. Nf1 Rab8 25. Rxh8 Rxh8 26. f3 Qe8 27. Nd2 Rh3 28. Qf2 b6
29. Bf1 Rh7 30. Bg2 b5 31. Rh1 Rxh1+ 32. Bxh1 b4 33. Nd1 Qh8 34. Bg2 a5 35. b3
Qh6 36. Nf1 Bxg3 37. Nxg3 Qh2 38. Nf1 Qh6 39. Nb2 Qg5 40. Nd3 Na6 41. Kc2 a4 42.
Qe3 a3 43. Qxg5 Nxg5 44. Nd2 f5 45. gxf5 gxf5 46. f4 exf4 47. e5 dxe5 48. Nxe5
Nb8 49. Nd3 Na6 50. Nxf4 Kf6 51. Kd3 Nf7 52. Nf3 Ne5+ 53. Nxe5 Kxe5 54. Ke3 Nc7
55. Bf3 Ne8 56. Nd3+ Kd6 57. Kf4 Nf6 58. Ne5 Bc8 59. Nf7+ Ke7 60. Ne5 Kd6 61.
Nf7+ Ke7 62. Ne5 Kd6 1/2-1/2

[Event "SportAccord Basque 2014"]
[Site "Beijing CHN"]
[Date "2014.12.16"]
[Round "1.13"]
[White "Nepomniachtchi, Ian"]
[Black "Bacrot, Etienne"]
[Result "1-0"]
[WhiteTitle "GM"]
[BlackTitle "GM"]
[WhiteElo "2714"]
[BlackElo "2718"]
[WhiteFideId "4168119"]
[BlackFideId "605506"]
[EventDate "2014.12.16"]

1. e4 e5 2. Nf3 Nc6 3. d4 exd4 4. Nxd4 Nf6 5. Nxc6 bxc6 6. e5 Qe7 7. Qe2 Nd5 8.
c4 Nb6 9. b3 a5 10. Ba3 Qe6 11. g3 a4 12. Bg2 axb3 13. axb3 Bxa3 14. Rxa3 Rxa3
15. Nxa3 O-O 16. O-O Re8 17. f4 f6 18. Qf2 fxe5 19. fxe5 h6 20. Re1 d5 21. cxd5
cxd5 22. Nb5 Qe7 23. Rc1 Qg5 24. Rxc7 Qxe5 25. Rc1 Qe3 26. Qxe3 Rxe3 27. Rc6
Rxb3 28. Rxb6 Rb1+ 29. Kf2 Rb2+ 30. Kf3 Bd7 31. Rb8+ Kh7 32. Bf1 Rb3+ 33. Kf4
Rb4+ 34. Ke5 1-0

[Event "SportAccord Basque 2014"]
[Site "Beijing CHN"]
[Date "2014.12.16"]
[Round "1.14"]
[White "Bacrot, Etienne"]
[Black "Nepomniachtchi, Ian"]
[Result "1/2-1/2"]
[WhiteTitle "GM"]
[BlackTitle "GM"]
[WhiteElo "2718"]
[BlackElo "2714"]
[WhiteFideId "605506"]
[BlackFideId "4168119"]
[EventDate "2014.12.16"]

1. d4 f5 2. Nf3 Nf6 3. c4 g6 4. g3 Bg7 5. Bg2 O-O 6. O-O d6 7. Nc3 c6 8. Qb3 Kh8
9. Rd1 Na6 10. Qa3 Nc7 11. d5 cxd5 12. cxd5 Bd7 13. Be3 Qe8 14. Rac1 h6 15. h4
Qf7 16. Qb3 b6 17. Nd4 Ng4 18. Bf4 Qf6 19. Nf3 Rfc8 20. e4 Na6 21. exf5 Nc5 22.
Qc2 gxf5 23. Qe2 b5 24. b4 Na6 25. Nxb5 Nxb4 26. Nc7 Rab8 27. a3 Qb2 28. Qxe7
Qxf2+ 29. Kh1 Qb6 30. axb4 Nf2+ 31. Kh2 Ng4+ 32. Kh1 Nf2+ 33. Kh2 Ng4+ 34. Kh1 1/2-1/2

[Event "SportAccord Basque 2014"]
[Site "Beijing CHN"]
[Date "2014.12.16"]
[Round "1.15"]
[White "Ivanchuk, Vassily"]
[Black "Gelfand, Boris"]
[Result "1/2-1/2"]
[WhiteTitle "GM"]
[BlackTitle "GM"]
[WhiteElo "2704"]
[BlackElo "2743"]
[WhiteFideId "14100010"]
[BlackFideId "2805677"]
[EventDate "2014.12.16"]

1. e4 c5 2. Nf3 d6 3. Bb5+ Bd7 4. Bxd7+ Qxd7 5. O-O Nf6 6. e5 dxe5 7. Nxe5 Qc8
8. Qf3 e6 9. b3 Nbd7 10. Nc4 Be7 11. Nc3 O-O 12. d3 Nb6 13. Bg5 Nbd5 14. Ne4 Qc7
15. a4 Rad8 16. Rad1 Nxe4 17. dxe4 Bxg5 18. exd5 exd5 19. Rxd5 Rxd5 20. Qxd5 Bf6
21. Re1 Rd8 22. Qf3 Bd4 23. h4 h6 24. h5 b6 25. Re4 Qd7 26. g3 Bf6 27. Kg2 Kf8
28. Ne3 Bg5 29. Nc4 Bf6 30. Re3 Qd5 31. g4 Qxf3+ 32. Kxf3 Rd1 33. Re2 Rd4 34.
Kg3 Bg5 35. f3 Bf4+ 36. Kf2 Rd1 37. Re4 Bc7 38. Ke2 Rh1 39. Nd2 g6 40. hxg6 fxg6
41. Re6 Kf7 42. Rc6 Bf4 43. Ne4 g5 44. a5 bxa5 45. Rxc5 Rh2+ 46. Kd3 Rh3 47. Nd2
Rh2 48. Nc4 Rf2 49. Ke4 Ke6 50. Rxa5 Rxc2 51. Ra6+ Kd7 52. Rxa7+ Kc6 53. Ra6+
Kc5 54. Rxh6 Rc3 55. Rh8 Rxb3 56. Rc8+ Kb4 57. Nb6 Re3+ 58. Kf5 Kb5 59. Nd7 Rxf3
60. Nf6 Rd3 61. Nh5 Bd2 62. Rc2 Rd4 63. Rc8 Kb4 64. Rc7 Kb5 65. Nf6 Rf4+ 66. Kg6
Rd4 67. Rd7 Rxd7 68. Nxd7 Kc6 69. Nf6 Bc1 70. Ne4 Kd7 71. Kf6 Ke8 72. Nxg5 Kf8
73. Ne6+ Kg8 74. g5 Bxg5+ 1/2-1/2

[Event "SportAccord Basque 2014"]
[Site "Beijing CHN"]
[Date "2014.12.16"]
[Round "1.16"]
[White "Gelfand, Boris"]
[Black "Ivanchuk, Vassily"]
[Result "1/2-1/2"]
[WhiteTitle "GM"]
[BlackTitle "GM"]
[WhiteElo "2743"]
[BlackElo "2704"]
[WhiteFideId "2805677"]
[BlackFideId "14100010"]
[EventDate "2014.12.16"]

1. d4 Nf6 2. c4 e6 3. Nf3 b6 4. g3 Ba6 5. b3 Bb4+ 6. Bd2 Be7 7. Nc3 O-O 8. Bg2
c6 9. e4 d5 10. exd5 cxd5 11. Ne5 Bb7 12. O-O Nc6 13. Bf4 Na5 14. Rc1 Rc8 15.
Qe2 Bb4 16. Rfd1 h6 17. Na4 dxc4 18. Bxb7 Nxb7 19. bxc4 Qe8 20. Nc3 Bxc3 21.
Rxc3 Nd5 22. Rf3 Nxf4 23. Rxf4 f6 24. Ng4 Nd6 25. c5 bxc5 26. dxc5 Nb7 27. Nxh6+
gxh6 28. Rg4+ Kh7 29. Qe4+ f5 30. Qxb7+ Rf7 31. Qb1 Rxc5 32. Rgd4 Qb5 33. Rb4
Qc6 34. Rb8 Rc2 35. Qa1 Qc3 36. Qxc3 Rxc3 37. Re8 f4 38. Rxe6 fxg3 39. fxg3 Rc2
40. Rdd6 Rb7 41. Rxh6+ Kg7 42. Rdg6+ Kf7 43. Rf6+ Kg7 44. Rfg6+ Kf7 45. Rf6+ Kg7
46. Rfg6+ Kf7 47. Rf6+ Kg7 1/2-1/2

[Event "SportAccord Basque 2014"]
[Site "Beijing CHN"]
[Date "2014.12.16"]
[Round "2.1"]
[White "Grischuk, Alexander"]
[Black "Nepomniachtchi, Ian"]
[Result "1/2-1/2"]
[WhiteTitle "GM"]
[BlackTitle "GM"]
[WhiteElo "2810"]
[BlackElo "2714"]
[WhiteFideId "4126025"]
[BlackFideId "4168119"]
[EventDate "2014.12.16"]

1. d4 Nf6 2. c4 g6 3. f3 c5 4. d5 e6 5. e4 d6 6. Ne2 Bg7 7. Nec3 exd5 8. cxd5
Nh5 9. g4 Qh4+ 10. Kd2 Nf4 11. Qe1 Qf6 12. Kc2 g5 13. h4 h6 14. Na3 Nd7 15. hxg5
hxg5 16. Rxh8+ Bxh8 17. Nc4 a6 18. e5 Qg6+ 19. Ne4 Nxd5 20. Bd3 Kf8 21. Bd2 Nxe5
22. Nxe5 Bxe5 23. Nxg5 Nb4+ 24. Bxb4 Qxg5 25. Bd2 Qf6 26. Qh1 Qh8 27. Bc3 Bxc3
28. bxc3 Qxh1 29. Rxh1 Kg8 30. Be4 Be6 31. Rd1 Rd8 32. Bxb7 Bxa2 33. Bxa6 Be6
34. f4 Bxg4 35. Rg1 f5 36. Be2 Rd7 37. Kd2 Kf8 38. Bc4 Re7 39. Re1 Rxe1 40. Kxe1
Bf3 41. Kd2 Be4 42. Ke3 Ke7 43. Bb5 Kf6 44. Ba6 Ke7 45. Bb5 Kd8 46. Ba4 Kc7 47.
Bb5 Kb6 48. Ba4 Kc7 49. Bb5 Kd8 50. Ba4 Ke7 51. Bb5 Kf7 52. Bc4+ 1/2-1/2

[Event "SportAccord Basque 2014"]
[Site "Beijing CHN"]
[Date "2014.12.16"]
[Round "2.2"]
[White "Nepomniachtchi, Ian"]
[Black "Grischuk, Alexander"]
[Result "1-0"]
[WhiteTitle "GM"]
[BlackTitle "GM"]
[WhiteElo "2714"]
[BlackElo "2810"]
[WhiteFideId "4168119"]
[BlackFideId "4126025"]
[EventDate "2014.12.16"]

1. e4 e5 2. Nf3 Nc6 3. d4 exd4 4. Nxd4 Nf6 5. Nxc6 bxc6 6. e5 Qe7 7. Qe2 Nd5 8.
c4 Ba6 9. Nd2 g6 10. Nf3 Nb6 11. b3 Bg7 12. Bb2 O-O 13. O-O-O Bb7 14. h4 a5 15.
Qc2 a4 16. Kb1 axb3 17. axb3 c5 18. Re1 Ra6 19. Bd3 Rfa8 20. h5 Ra2 21. hxg6
hxg6 22. Bxg6 fxg6 23. Qxg6 Bxf3 24. gxf3 Kf8 25. Rh5 Qe6 26. Rf5+ Kg8 27. Rg1
Qxg6 28. Rxg6 Rxb2+ 29. Kxb2 Rf8 30. Rxf8+ Kxf8 31. f4 d6 32. Kc2 dxe5 33. f5
Nd7 34. Rc6 e4 35. Rxc7 Ke7 36. Rc6 Bd4 37. Re6+ Kd8 38. Rxe4 Bxf2 39. Kd3 Bg3
40. Re6 Be5 41. Ke4 Bf6 42. Kd5 Be7 43. Ra6 Ke8 44. Ra7 Bh4 45. Ke6 Nf8+ 46. Kd6
Bg3+ 47. Kc6 Bf2 48. Rb7 Bg1 49. Kd6 Bd4 50. Rc7 Kd8 51. Rxc5 Bxc5+ 52. Kxc5 Kc7
53. Kd5 Nd7 54. b4 Nb6+ 55. Kd4 Nd7 56. Ke4 Kc6 57. c5 Kb5 58. Kd5 Kxb4 59. c6
Nb6+ 60. Kd6 Kb5 61. f6 Nc4+ 62. Ke6 1-0

[Event "SportAccord Basque 2014"]
[Site "Beijing CHN"]
[Date "2014.12.16"]
[Round "2.5"]
[White "Ponomariov, Ruslan"]
[Black "Dominguez Perez, Leinier"]
[Result "1/2-1/2"]
[WhiteTitle "GM"]
[BlackTitle "GM"]
[WhiteElo "2714"]
[BlackElo "2726"]
[WhiteFideId "14103320"]
[BlackFideId "3503240"]
[EventDate "2014.12.16"]

1. e4 c5 2. Nf3 d6 3. d4 cxd4 4. Nxd4 Nf6 5. Nc3 a6 6. h3 Nc6 7. g4 Qb6 8. Nb3
e6 9. Be3 Qc7 10. g5 Nd7 11. f4 b5 12. a3 Bb7 13. h4 Rc8 14. h5 Na5 15. Rh3 Nc4
16. Bxc4 Qxc4 17. Na5 Qc7 18. Nxb7 Qxb7 19. Bd4 e5 20. Be3 Rxc3 21. bxc3 Qxe4
22. Qf3 Qxf3 23. Rxf3 h6 24. g6 fxg6 25. hxg6 exf4 26. Rxf4 Ne5 27. a4 bxa4 28.
Re4 Be7 29. Bd4 Bf6 30. Rxa4 Kd7 31. Rxa6 Ke6 32. Re2 Rd8 33. Kf1 Kf5 34. c4
Nxg6 35. Rf2+ Nf4 36. Bxf6 gxf6 37. Rd2 Rc8 38. Rd4 Rb8 39. Rdxd6 Rb1+ 40. Kf2
Rb2 41. Rd2 Rb4 42. Rc6 Ng6 43. Rdd6 Ne5 44. Rc5 Ke4 45. c3 Rb2+ 46. Kg3 Rc2 47.
Rd4+ Kf5 48. Rc8 Rxc3+ 49. Kf2 h5 50. Ke2 Ke6 51. c5 Rc2+ 52. Kd1 Rc3 53. Kd2
Ra3 54. Kc2 h4 55. Rxh4 Kd5 56. Rf4 Ra5 57. Rd8+ Kxc5 58. Rxf6 Nc6 59. Rc8 Ra6
60. Kc3 Ra3+ 61. Kb2 Ra6 62. Kb3 Rb6+ 63. Kc3 Ra6 64. Rh8 Ra3+ 65. Kb2 Rd3 66.
Rh1 Ne5 67. Rh5 Kd5 68. Kc2 Re3 69. Rf4 Re2+ 70. Kd1 Re4 71. Rf8 Re3 72. Kd2 Re4
73. Rd8+ Ke6 74. Rf8 Kd5 75. Rf6 Rd4+ 76. Kc2 Rc4+ 77. Kb3 Re4 78. Rh3 Rd4 79.
Rf8 Rd3+ 80. Rxd3+ Nxd3 81. Kc3 Ne5 82. Rf4 Nc6 83. Rh4 Ne5 84. Rd4+ Kc5 85. Rd1
Nc6 86. Kd3 Kd5 87. Ke3+ Ke5 88. Rc1 Kd5 89. Rxc6 Kxc6 1/2-1/2

[Event "SportAccord Basque 2014"]
[Site "Beijing CHN"]
[Date "2014.12.16"]
[Round "2.6"]
[White "Dominguez Perez, Leinier"]
[Black "Ponomariov, Ruslan"]
[Result "1-0"]
[WhiteTitle "GM"]
[BlackTitle "GM"]
[WhiteElo "2726"]
[BlackElo "2714"]
[WhiteFideId "3503240"]
[BlackFideId "14103320"]
[EventDate "2014.12.16"]

1. e4 e5 2. Nf3 Nc6 3. Bb5 Nf6 4. d3 Bc5 5. c3 O-O 6. O-O d6 7. Bg5 h6 8. Bh4 g5
9. Bg3 Nh5 10. Nbd2 Qf6 11. Kh1 Nf4 12. Nc4 Ne7 13. d4 exd4 14. cxd4 Bb6 15. e5
dxe5 16. dxe5 Qg7 17. Bxf4 gxf4 18. Qc1 c6 19. Nxb6 axb6 20. Bc4 Ng6 21. Re1 Re8
22. Bd3 Be6 23. Bxg6 fxg6 24. Qxf4 Rxa2 25. Rxa2 Bxa2 26. Nd4 Bd5 27. f3 g5 28.
Qe3 Qg6 29. h3 Kg7 30. Ne2 c5 31. Ng3 h5 32. Rd1 h4 33. Nh5+ Kh6 34. Rxd5 Kxh5
35. f4 Qf5 36. fxg5 Re6 37. Rd6 c4 38. Qe2+ Kxg5 39. Qxc4 Rxd6 40. exd6 Qf2 41.
Qc1+ Kg6 42. Qd1 Qf6 43. d7 Qd8 44. Qd6+ Kf5 45. Qd5+ Kf6 46. Qxb7 Kf5 47. Qc8 1-0

[Event "SportAccord Basque 2014"]
[Site "Beijing CHN"]
[Date "2014.12.16"]
[Round "2.9"]
[White "Gelfand, Boris"]
[Black "Wang, Yue"]
[Result "1/2-1/2"]
[WhiteTitle "GM"]
[BlackTitle "GM"]
[WhiteElo "2743"]
[BlackElo "2720"]
[WhiteFideId "2805677"]
[BlackFideId "8601429"]
[EventDate "2014.12.16"]

1. d4 Nf6 2. c4 e6 3. Nf3 d5 4. Nc3 c5 5. cxd5 Nxd5 6. e4 Nxc3 7. bxc3 cxd4 8.
cxd4 Bb4+ 9. Bd2 Bxd2+ 10. Qxd2 O-O 11. Rc1 Nc6 12. Bc4 Qa5 13. Qxa5 Nxa5 14.
Bd3 Bd7 15. Kd2 Rfc8 16. Ke3 Kf8 17. d5 Ke7 18. h4 h6 19. Ne5 Be8 20. h5 Kd6 21.
Kd4 f6 22. Ng6 e5+ 23. Ke3 b5 24. Nh4 Bd7 25. f4 Nc4+ 26. Bxc4 exf4+ 27. Kxf4
Rxc4 28. Rxc4 bxc4 29. Rc1 Rc8 30. Rc3 Kc5 31. Ke3 f5 32. Nxf5 Bxf5 33. exf5
Kxd5 34. Kd2 Ke5 35. Re3+ Kxf5 36. Re7 Kf6 37. Rxa7 Rc5 38. g4 Rg5 39. Ra6+ Kf7
40. Rg6 Ra5 41. Kc3 Rxa2 42. Kxc4 Rd2 43. Kc3 Rd1 44. Kc4 Rd8 45. Kc3 Rd1 46.
Kc4 Rf1 47. Kd5 Rf6 48. Rxf6+ Kxf6 49. Ke4 Kg5 50. Kf3 g6 51. hxg6 Kxg6 1/2-1/2

[Event "SportAccord Basque 2014"]
[Site "Beijing CHN"]
[Date "2014.12.16"]
[Round "2.10"]
[White "Wang, Yue"]
[Black "Gelfand, Boris"]
[Result "1/2-1/2"]
[WhiteTitle "GM"]
[BlackTitle "GM"]
[WhiteElo "2720"]
[BlackElo "2743"]
[WhiteFideId "8601429"]
[BlackFideId "2805677"]
[EventDate "2014.12.16"]

1. d4 Nf6 2. Nf3 d5 3. c4 c6 4. Nc3 e6 5. g3 Nbd7 6. Bg2 dxc4 7. a4 Be7 8. O-O
O-O 9. e4 a5 10. Qe2 b6 11. Rd1 Ba6 12. Bf4 Re8 13. h3 Bb4 14. g4 Qe7 15. Be3
Bxc3 16. bxc3 Nxe4 17. Qb2 Nef6 18. Ne5 Nxe5 19. dxe5 Nd5 20. Bxd5 exd5 21. Qxb6
Qxe5 22. Bd4 Qd6 23. Re1 Qd7 24. Rxe8+ Qxe8 25. Qxa5 Bb7 26. Qc7 Bc8 27. a5 h6
28. Rb1 Kh7 29. Rb8 Rxb8 30. Qxb8 Qd7 31. Kg2 h5 32. f3 hxg4 33. hxg4 f6 34. Qb6
f5 35. gxf5 Qxf5 36. Qc7 Qg6+ 37. Qg3 Qc2+ 38. Qf2 Qg6+ 39. Kh2 Qh5+ 40. Kg1
Qg5+ 41. Qg2 Qc1+ 42. Qf1 Qxf1+ 43. Kxf1 g5 44. Kf2 Kg6 45. Ke3 Kf5 46. Bc5 Ke5
47. Bb6 Bb7 48. Bc7+ Kf5 49. Kd4 c5+ 50. Kxc5 d4 51. Kxd4 Bxf3 52. Kxc4 Ke6 53.
Kc5 Kd7 54. Kb6 Bd5 55. a6 g4 56. Bg3 Kc8 57. Kc5 Bf3 58. c4 Kd7 59. Kb6 Be2 60.
c5 Bf3 1/2-1/2

[Event "SportAccord Basque 2014"]
[Site "Beijing CHN"]
[Date "2014.12.16"]
[Round "2.12"]
[White "Ivanchuk, Vassily"]
[Black "Leko, Peter"]
[Result "1/2-1/2"]
[WhiteTitle "GM"]
[BlackTitle "GM"]
[WhiteElo "2704"]
[BlackElo "2723"]
[WhiteFideId "14100010"]
[BlackFideId "703303"]
[EventDate "2014.12.16"]

1. Nf3 Nf6 2. c4 c5 3. d4 cxd4 4. Nxd4 Nc6 5. g3 e5 6. Nb5 Bb4+ 7. N1c3 d6 8. a3
Bxc3+ 9. Nxc3 Be6 10. Bg2 Bxc4 11. Bg5 O-O 12. Rc1 Nd4 13. e3 Nb3 14. Bxf6 Qxf6
15. Ne4 Qe6 16. Ng5 Nxc1 17. Nxe6 Nd3+ 18. Kd2 fxe6 19. f4 Rac8 20. Qb1 d5 21.
b3 Ba6 22. b4 Bc4 23. Bf1 e4 24. Qa1 e5 25. Bxd3 Bxd3 26. Rc1 exf4 27. exf4 Bc4
28. Qd4 a6 29. h4 Rc6 30. h5 Rf7 31. Qe5 h6 32. a4 Kh7 33. a5 Rfc7 34. Qf5+ Kg8
35. Qe5 Kh7 36. Qe8 Rc8 37. Qd7 R8c7 38. Qf5+ Kg8 39. Qe5 Kh7 40. f5 Rf7 41. Rg1
Bd3 42. Rc1 Bc4 43. Rg1 Bd3 44. Rc1 Bc4 45. Rg1 1/2-1/2